书目信息 |
| 题名: |
日本军国主义
|
|
| 作者: | 井上清 著 ;尚永清 译 | |
| 分册: | 第二册 | |
| 出版信息: | 北京 商务印书馆 1985.01 |
|
| 页数: | 244页 | |
| 开本: | 19cm | |
| 丛书名: | ||
| 单 册: | ||
| 中图分类: | K313.4 | |
| 科图分类: | ||
| 主题词: | 东亚--历史 | |
| 电子资源: | ||
| ISBN: | ||
| 000 | 00756nam0 2200241 45 | |
| 001 | 0405130892 | |
| 005 | 20040513083625.6 | |
| 010 | @dCNY1.25 | |
| 091 | @a11017.665 | |
| 100 | @a20040513d1985 km y0chiy0120 ea | |
| 101 | 0 | @achi |
| 105 | @a z 000yy | |
| 200 | 1 | @a日本军国主义@h第二册@ARi Ben Jun Guo Zhu Yi@e天皇制军队的形成@ETian Huang Zhi Jun Dui De Xing Cheng@f井上清著@FJing Shang Qing Zhu@g尚永清译 |
| 210 | @a北京@c商务印书馆@d1985.01 | |
| 215 | @a244页@d19cm | |
| 300 | @a内部发行 | |
| 517 | @a天皇制军队的形成@ATian Huang Zhi Jun Dui De Xing Cheng | |
| 606 | 0 | @a东亚@x历史 |
| 690 | @aK313.4@v3 | |
| 701 | 0 | @a井上清@4著 |
| 702 | 0 | @a尚永清@AShang Yong Qing@4译 |
| 801 | @aCN@bPftUser@c20040513 | |
| 905 | @dK313.4@e13:2@f1@b137123 | |
| 日本军国主义.第二册:天皇制军队的形成/井上清著/尚永清译.-北京:商务印书馆,1985.01 |
| 244页;19cm |
| 内部发行 |
| ISBN :CNY1.25 |
| ● |
| 相关链接 |
|
|
|
|
正题名:日本军国主义
索取号:K313.4/13:2
 
预约/预借
| 序号 | 登录号 | 条形码 | 馆藏地/架位号 | 状态 | 备注 |
| 1 | 0137123 | 000359506 | 第二借阅区/ [索取号:K313.4/13:2] | 在馆 | |
| 2 | 0137124 | 000359515 | 第二样本阅览室/ [索取号:K313.4/13:2] | 在馆 |